000 02762cam a22002294a 4500
005 20250605164109.0
008 250528s ||||||||||||||||||||||||d
035 _a17837
020 _a9789925563173
040 _aGR-AtMCL
_bgre
_dGR-AtMCL
_eAACR2
245 1 _aΨυχολογία του Αθλητισμού και της Άσκησης / Θεμελιώδεις Αρχές
260 _bΠ.Χ Πασχαλίδης,
_c2015
300 _a880
520 _aΤο παρόν βιβλίο παρέχει μια ενδελεχή εισαγωγή σε βασικές έννοιες του πεδίου της ψυχολογίας του αθλητισμού και της άσκησης. Η Αρχή του Ταξιδιού σας, Καλωσόρισμα στην Ψυχολογί του Αθλητισμού και της Άσκησης, Κατανόηση των Χαρακτηριστικών των Ασκούμενων, Προσωπικότητα και Αθλητισμός, Παρακίνηση, Διέργεση και Στρες και Άγχος, Κατανόησησ του Περιβάλλοντος του Αθλητισμού και της Άσκησης, Ανταγωνισμός και Συνεργασία, Ανατροφοδότησ και Ενίσχυση και Εσωτερική Παρακίνηση, Εστιάζοντας στις Ομαδικές Μδεθόδους, Δυναμική των Συνόλων και των Ομάδων, Συνοχή Ομάδας, Ηγεσία, Επικοινωνία, Βελτίωση της Απόδοσης, Εισαγωγή στην Εξάσκηση των Ψυχολογικών Δεξιοτήτων, Ρύθμιση Διέργεσης, Νοερή Απεικόνιση, Αυτοπεποίθηση, Τοποθέτηση Στόχων, Συγκέντρωση, Ενίσχυση Υγείας και Ευεξίας, Άσκηση και Ψυχολογική Ευεξία, Συμπεριφορά Άσκησης και Προσκόλληση, Αθλητικοί Τραυματισμοί και Ψυχολογία, Εθιστικές και Μη Υγιεινές Συμπεριφορές, Εξουθένωση και Υπερπροπόνηση, Διευκόλυνση της Ψυχολογικής Ανάπτυξης και Εξέλιξης, Παιδιά και Αθλητική Ψυχολογία, Επιθετικότητα στον Αθλητισμό, Ανάπτυξη Χαρακτήρα και Καλή Αθλητική Συμπεριφορά, Ευρετήριο.
700 1 _aDaniel Gould
_93685
700 1 _aWeinberg Robert
_93686
700 1 _aΣταύρου Νεκτάριος Α.Μ
_94115
700 1 _aΨυχουντάκη Μαρία Μ
_94116
942 _cBK
999 _c3237
_d3237